Score 0/23 Timer 03:00
0 Plays Today
Hint Missing Word % Correct
Gone _____ 60 Secondsin
96.7%
It Could Happen to _____You
93.7%
World _____ CenterTrade
91.6%
_____ TreasureNational
87.2%
Face _____Off
87%
_____ of AngelsCity
84%
_____ RiderGhost
82.2%
_____ ArizonaRaising
81.2%
_____ Las VegasLeaving
79.7%
The _____ ApprenticeSorcerer's
63.4%
Snake _____Eyes
57.9%
Season of the _____Witch
53.6%
Hint Missing Word % Correct
_____ of DeathKiss
47.4%
The _____ BullyAnt
46.4%
Trapped in _____Paradise
37.9%
Seeking _____Justice
37.7%
_____ GirlValley
37%
_____ out the DeadBringing
30.6%
_____ MenMatchstick
28.6%
_____ in VegasHoneymoon
25.2%
Bangkok _____Dangerous
24.9%
The _____ ManFamily
22.8%
Tempo Di _____Uccidere
2.7%

Today's Daily Dose

Remove Ads.
Support Sporcle.
Get the best of Sporcle when you Go Orange. This ad-free experience offers more features, more stats, and more fun while also helping to support Sporcle. Thank you for becoming a member.

You're not logged in!

Compare scores with friends on all Sporcle quizzes.
OR
Log In

Show Comments

Extras

Top Quizzes Today


Score Distribution

Your Account Isn't Verified!

In order to create a playlist on Sporcle, you need to verify the email address you used during registration. Go to your Sporcle Settings to finish the process.

Report this User

Report this user for behavior that violates our Community Guidelines.

Details: